العولمة ورسالة الجامعة : رؤية مستقبلية /
يرسم هذا الكتاب الأبعاد الحقيقة لمنظومة رسالة الجامعة ، ومالها من دور فيما يشهده المجتمع من متغيرات وأحداث سياسية واجتماعية واقتصادية وثقافية متأرجحة. ويعالج الكتاب قضية العولمة وتجليتها العالمية والمحلية ومعالم تطور التعليم الجامعى فى مصر، ويعرض لعدد من الخيارات المستقبلية الناجحة لتخطيط هذه السياس...
| 主要作者: | |
|---|---|
| 其他作者: | |
| 格式: | 图书 |
| 语言: | 阿拉伯语 |
| 出版: |
القاهرة :
الدار المصرية اللبنانية،
2002.
|
| 版: | ط. 1. |
| 丛编: | أفاق تربوية متجددة
|
| 主题: | |
| 标签: |
添加标签
没有标签, 成为第一个标记此记录!
|
MARC
| LEADER | 00000nam a22000007a 4500 | ||
|---|---|---|---|
| 003 | INP | ||
| 005 | 20180403143855.0 | ||
| 008 | 180114s2002 ua frb 001 0 ara d | ||
| 952 | |0 0 |1 0 |4 0 |6 378_100000000000000_ل_ع |7 0 |8 arabic_Boo |9 3463 |a INP |b INP |c MAIN |d 2018-04-03 |l 0 |o 378.1 ل ع |p 004623 |r 2022-03-28 00:00:00 |w 2018-04-03 |y BK |0 0 | ||
| 999 | |c 870 |d 870 | ||
| 017 | |a 20002/17331 |b مصر. دار الكتب | ||
| 020 | |a 9772707519 | ||
| 040 | |a EG-INP |b ara |c EG-INP | ||
| 082 | 0 | 4 | |a 378.1 |2 21 |b ل ع |
| 100 | 1 | |a السيد، لمياء محمد أحمد. | |
| 245 | 1 | 2 | |a العولمة ورسالة الجامعة : |b رؤية مستقبلية / |c تأليف لمياء محمد أحمد السيد ؛ تقديم حامد عمار. |
| 250 | |a ط. 1. | ||
| 260 | |a القاهرة : |b الدار المصرية اللبنانية، |c 2002. | ||
| 300 | |a 444 ص. ؛ |c 24 سم. | ||
| 490 | 0 | |a أفاق تربوية متجددة | |
| 500 | |a يشتمل على ملاحق. | ||
| 504 | |a يشتمل على إرجاعات بيليوجرافية (ص. 301-332). | ||
| 520 | |a يرسم هذا الكتاب الأبعاد الحقيقة لمنظومة رسالة الجامعة ، ومالها من دور فيما يشهده المجتمع من متغيرات وأحداث سياسية واجتماعية واقتصادية وثقافية متأرجحة. ويعالج الكتاب قضية العولمة وتجليتها العالمية والمحلية ومعالم تطور التعليم الجامعى فى مصر، ويعرض لعدد من الخيارات المستقبلية الناجحة لتخطيط هذه السياسات. | ||
| 650 | 7 | |2 qrmak |a التعليم العالي |x فلسفة. | |
| 650 | 7 | |2 qrmak |a التوسع الجامعى. | |
| 650 | 7 | |2 qrmak |a التعليم الجامعى. | |
| 650 | 7 | |a الجامعات والكليات |x تنظيم وإدارة. |2 qrmak | |
| 653 | 0 | |a العولمة - جوانب اجتماعية. | |
| 700 | 1 | |a عمار، حامد، |e مقدم. | |
| 901 | |a EGPV 7 | ||
| 902 | |a EGPV 18 | ||
| 903 | |a original | ||
| 942 | |2 ddc |c BK | ||